| 000 | 01250nam a2200301 a 4500 | ||
|---|---|---|---|
| 001 | C01480401c-9 | ||
| 003 | CO-ViMGA | ||
| 005 | 20230915224413.0 | ||
| 008 | 150415s2014 ck gr 00010 spa d | ||
| 020 | _a9789585863750 | ||
| 040 |
_aCO-ViMGA _bspa _cCO-ViMGA |
||
| 043 | _as-ck--- | ||
| 082 | 0 | 4 |
_aCo863.6 _bG17o46 |
| 100 | 1 |
_aGarcía Márquez, Gabriel, _d1927-2014. _91 |
|
| 240 | 1 | 0 | _aMagdalena-Bibliografía regional |
| 245 | 0 | 0 |
_aOjos de perro azul / _cGabriel García Márquez. |
| 260 |
_aBogotá : _bPenguin Random House Mondadori, _c2014. |
||
| 300 |
_a154 páginas ; _c23 cm. |
||
| 490 | 1 | _aLiteratura Random House | |
| 505 | 0 | _aLa tercera resignación ; La otra costilla de la muerte ; Eva está dentro de su gato ; Amargura para tres sonámbulos ; Diálogo del espejo ; La mujer que llegaba a las seis ; Nabo, el negro que hizo esperar a los ángeles ; Alguien desordena estas rosas ; La noche de los alcaravanes ; Monólogo de Isabel viendo llover en Macondo. | |
| 586 | _aPremio Nobel de Literatura | ||
| 650 | 4 |
_aCuentos colombianos. _931 |
|
| 650 | 4 |
_aGatos _v Cuentos. _99477 |
|
| 650 | 4 |
_aLluvia _v Cuentos. _99476 |
|
| 650 | 4 |
_aMujeres _v Cuentos. _94055 |
|
| 650 | 4 |
_aPerros _v Cuentos. _99478 |
|
| 942 |
_2ddc _cBK |
||
| 999 |
_c11380 _d11380 |
||